| 000 | 01060nam0a22003131 4500 | ||
|---|---|---|---|
| 001 | RU\NLR\A1SV\136340 | ||
| 005 | 20251203171251.9 | ||
| 035 | _a(NLR Aleph) 010696865 | ||
| 090 |
_a9707576 _c9707576 |
||
| 100 | _a20150306d1920 u y0rusy50 ca | ||
| 101 | 0 | _arus | |
| 102 | _aRU | ||
| 200 | 1 |
_aЮность _eСб. стихотворений юных поэтов: Симы Ясной, Лидии Б., Георгия Свободного, Леонида Кавецкого, Георгия Левина |
|
| 210 |
_aМ. _c2 типолит. МГСНХ (б. Машистова) _d1920 |
||
| 215 |
_a24 с. _d20 см |
||
| 620 | _dМосква | ||
| 702 | 1 |
_aЯснвя _bС. _gСима |
|
| 702 | 1 |
_aСвободный _bГ. _gГ. |
|
| 702 | 1 |
_aБ. _bЛ. _gЛидия |
|
| 702 | 1 |
_aЛевин _bГ. _gГеоргий |
|
| 702 | 1 |
_aКавецкий _bЛ. _fок. 1906 _gЛеонид |
|
| 801 | 0 |
_aRU _bNLR _c20150306 |
|
| 852 |
_aNLR _j37.56.6.243 |
||
| 852 |
_aNLR _j37.56.6.243а |
||
| 899 | _aРГБ | ||
| 942 | _cBOOK | ||
| 980 | _aNB | ||
| 980 | _aA1SV | ||